000 00673nam a2200265Ia 4500
005 20260121170245.0
008 008 260114s9999 xx 000 0 eng d
020 _a9789462652101
037 _aEBOOK
040 _aCRL
040 _beng
040 _cCRL
041 _2eng
041 _aeng
084 _qCRL
100 _aFulvio Maria Palombino
_91061691
245 0 _aFair and Equitable Treatment and the Fabric of General Principles
260 _bSpringer
260 _bSpringer
260 _c2018
856 _uhttps://link.springer.com/openurl?genre=book&isbn=978-94-6265-210-1
942 _cEBOOK
999 _c1627420
_d1627420